[Event "OS INCLIVEIS"]
[Site "http://www.queenalice.com/game.php?id=1300299"]
[Date "2014.8.8"]
[Round "-"]
[White "adelio"]
[Black "calumvs"]
[Result "0-1"]
[WhiteElo "1858"]
[BlackElo "1848"]

1. d4 d5 2. e4 e6 3. e5 c5 4. Nf3 Nc6 5. Be2 Bd7 6. h4 cxd4 7. h5 Bb4+ 8. Kf1
Qc7 9. Ng5 Qxe5 10. Nxf7 Kxf7 11. Nd2 Nf6 12. Nf3 Qd6 13. a3 Bc5 14. Ng5+ Ke7
15. g3 Raf8 16. Bd3 Ne5 17. Nxh7 Nxh7 18. Bxh7 Rxh7 19. Bg5+ Ke8 20. f4 Nf7 21.
Qd3 Nxg5 22. Qg6+ Kd8 23. Qxg5+ Kc7 24. Kg2 Qe7 25. Qe5+ Kc8 26. b4 Rf5 27. Qe2
Bb6 28. Qd3 e5 29. fxe5 Qxe5 30. Rae1 Qf6 31. Rhf1 Rh8 32. g4 Rxf1 33. Rxf1 Qg5
34. Qg6 Qxg6 35. hxg6 Bxg4 36. Rf7 Rg8 37. Kg3 Bh5 38. Rf5 Bxg6 39. Rxd5 Bxc2
40. Kg4 d3 41. Kf4 g5+ 42. Kf3 g4+ 43. Kg3 Bc7+ 44. Kg2 Rd8 45. Rc5 Bd1 46. Kf1
d2 47. Kf2 Bf3 48. b5 d1=Q 49. Rxc7+ Kxc7 50. b6+ Kxb6 51. a4 Qd6 52. Kg1 Qg3+
53. Kf1 Rd1# 0-1

[Event "Challenge"]
[Site "http://www.queenalice.com/game.php?id=1308441"]
[Date "2014.9.15"]
[Round "-"]
[White "calumvs"]
[Black "jorm"]
[Result "1-0"]
[WhiteElo "1860"]
[BlackElo "1921"]

1. e4 e5 2. Nf3 Nc6 3. c3 a6 4. d4 exd4 5. cxd4 d5 6. e5 h6 7. a3 Be6 8. Bd3
Nge7 9. Qc2 Qd7 10. b4 Na7 11. O-O O-O-O 12. Nc3 g5 13. a4 g4 14. Nd2 Nf5 15. b5
Nxd4 16. Qb2 a5 17. b6 Nac6 18. bxc7 Kxc7 19. Rb1 Bb4 20. Na2 Qe7 21. Nxb4 Qxb4
22. Qa2 Qc3 23. Qb2 Qxb2 24. Bxb2 Nf5 25. Rfc1 Kd7 26. Bc3 Rb8 27. Bb5 Ra8 28.
Nb3 b6 29. Bxa5 bxa5 30. Bxc6+ Ke7 31. Bxa8 Rxa8 32. Rc7+ Kf8 33. Nc5 Re8 34.
Nxe6+ Rxe6 35. Rbb7 Rxe5 36. Rxf7+ Kg8 37. g3 d4 38. Rfd7 Re8 39. Rb5 Rf8 40.
Rxa5 h5 41. Rc5 h4 42. gxh4 Kh8 43. a5 d3 44. Rxd3 Rf6 45. Rd7 Kg8 46. Rc8+ Rf8
47. Rxf8+ Kxf8 48. a6 1-0

[Event "Challenge"]
[Site "http://www.queenalice.com/game.php?id=1330268"]
[Date "2014.12.24"]
[Round "-"]
[White "ORNELAS"]
[Black "calumvs"]
[Result "0-1"]
[WhiteElo "1639"]
[BlackElo "1880"]

1. Nf3 Nf6 2. d3 g6 3. e4 d6 4. Bg5 Bg7 5. g3 O-O 6. c3 e5 7. Bg2 Nc6 8. b4 h6
9. a4 hxg5 10. Nxg5 Bg4 11. Qd2 Bh6 12. h3 Bd7 13. h4 Nh7 14. Bh3 f6 15. Bxd7
Qxd7 16. O-O fxg5 17. hxg5 Nxg5 18. b5 Nf3+ 19. Kg2 Nxd2 20. Nxd2 Bxd2 21. Rh1
Na5 22. c4 Qf7 23. Rh3 Qxf2+ 24. Kh1 Nb3 25. Rh2 Qf3+ 26. Rg2 Kg7 27. Rg1 Rh8#
0-1

[Event "Challenge"]
[Site "http://www.queenalice.com/game.php?id=1337402"]
[Date "2015.1.27"]
[Round "-"]
[White "ORNELAS"]
[Black "calumvs"]
[Result "0-1"]
[WhiteElo "1630"]
[BlackElo "1881"]

1. Nf3 Nf6 2. d4 g6 3. Bg5 Bg7 4. c3 O-O 5. Nbd2 d6 6. g3 Nc6 7. Bg2 e5 8. dxe5
Nxe5 9. Nxe5 dxe5 10. O-O h6 11. Bxf6 Qxf6 12. Ne4 Qb6 13. b4 Bf5 14. e3 Rad8
15. Qf3 a5 16. bxa5 Qxa5 17. Qe2 Rd7 18. Rac1 Rfd8 19. Rfd1 Qa4 20. Nc5 Rxd1+
21. Rxd1 Rxd1+ 22. Bf1 Bh3 23. Nxa4 Rxf1+ 24. Qxf1 Bxf1 25. Kxf1 Kf8 26. Nc5 b6
27. Nd7+ Ke7 28. Nb8 Kd6 29. a4 Kd5 30. Na6 c5 31. Nc7+ Kc6 32. Ne8 Bh8 33. c4
Kd7 34. f4 Kxe8 35. Ke2 Kd7 36. Kf3 f5 37. fxe5 Bxe5 38. h3 g5 39. e4 fxe4+ 40.
Kxe4 Bxg3 41. Kf3 Bf4 42. Kg4 Ke6 43. h4 Ke5 44. hxg5 hxg5 45. Kf3 Kd4 46. Kg4
Kxc4 47. Kf5 Kb4 48. Ke4 Kb3 49. a5 bxa5 50. Kd5 c4 51. Kc5 c3 52. Kb5 a4 53.
Ka5 c2 54. Kb5 c1=Q 55. Kb6 Kb4 56. Kb7 Kb5 57. Ka7 Qc7+ 58. Ka8 Qb8# 0-1

[Event "Challenge"]
[Site "http://www.queenalice.com/game.php?id=1350772"]
[Date "2015.3.30"]
[Round "-"]
[White "calumvs"]
[Black "ORNELAS"]
[Result "1-0"]
[WhiteElo "1889"]
[BlackElo "1822"]

1. e4 Nc6 2. Nf3 e5 3. c3 f6 4. d4 exd4 5. cxd4 Bb4+ 6. Nc3 Bxc3+ 7. bxc3 Nge7
8. Bc4 Na5 9. Bd3 d5 10. O-O Bg4 11. e5 f5 12. Be2 Qd7 13. Re1 O-O-O 14. Rb1 Ng6
15. h3 h5 16. Bg5 Rde8 17. hxg4 hxg4 18. Nd2 Rh5 19. f4 Nxe5 20. dxe5 Reh8 21.
Nb3 Nxb3 22. Rxb3 Rh1+ 23. Kf2 R1h2 24. Qd4 b6 25. c4 g3+ 26. Kxg3 Qa4 27. Qxd5
Qxa2 28. Rd3 Kb8 29. Bf3 Kc8 30. Qa8# 1-0

[Event "Challenge"]
[Site "http://www.queenalice.com/game.php?id=1357894"]
[Date "2015.5.6"]
[Round "-"]
[White "Magogue"]
[Black "calumvs"]
[Result "0-1"]
[WhiteElo "1436"]
[BlackElo "1893"]

1. e4 e5 2. f4 exf4 3. Bc4 Qh4+ 4. Kf1 Qd8 5. Nf3 g5 6. Nc3 Bg7 7. d4 d6 8. h3
Nc6 9. a3 h6 10. Ne2 Bd7 11. c3 Qe7 12. Qc2 O-O-O 0-1

[Event "Challenge"]
[Site "http://www.queenalice.com/game.php?id=1357895"]
[Date "2015.5.6"]
[Round "-"]
[White "calumvs"]
[Black "Magogue"]
[Result "1-0"]
[WhiteElo "1895"]
[BlackElo "985"]

1. b4 e5 2. Bb2 Bxb4 3. Bxe5 Nf6 4. e3 Nc6 5. Bb2 O-O 6. Be2 d5 7. Nf3 Re8 8.
O-O Bd6 9. c4 dxc4 10. Bxc4 Be6 11. Be2 Bd5 12. Nc3 Bxf3 13. Bxf3 Qd7 14. Rb1
Ne5 15. Bxb7 Rad8 16. d4 Nc4 17. Qc2 Nxb2 18. Rxb2 Rb8 19. Bf3 1-0

[Event "Challenge"]
[Site "http://www.queenalice.com/game.php?id=1358115"]
[Date "2015.5.7"]
[Round "-"]
[White "ORNELAS"]
[Black "calumvs"]
[Result "1-0"]
[WhiteElo "1630"]
[BlackElo "1897"]

1. Nf3 Nf6 2. d4 g6 3. Bg5 Bg7 4. Ne5 O-O 5. e3 d6 6. Nf3 h6 7. Bxf6 Bxf6 8.
Nbd2 Nc6 9. Bb5 Bd7 10. Ne4 Bg7 11. Qd2 a5 12. a4 e6 13. c3 g5 14. h3 f5 15. Ng3
Qe7 16. Nh5 Bh8 17. d5 Ne5 18. Nxe5 Bxe5 19. Bxd7 Qxd7 20. c4 exd5 21. Qxd5+ Qf7
22. Qxb7 Qxh5 23. Qxc7 Bxb2 24. Rb1 Ba3 25. Rb7 Rf7 26. Qc6 Bb4+ 27. Rxb4 axb4
28. Qxa8+ Kg7 29. O-O Qe2 30. Qd5 b3 31. Qd4+ Kh7 32. Qxd6 b2 33. Qe6 Qxf1+ 34.
Kxf1 b1=Q+ 35. Ke2 Qc2+ 36. Kf3 Qe4+ 37. Qxe4 fxe4+ 38. Ke2 Kg8 39. f3 exf3+ 40.
gxf3 Kf8 41. e4 Ke7 42. Ke3 Kd6 43. a5 Kc5 44. e5 Kxc4 45. Ke4 Kb5 46. e6 Re7
47. Kd5 Kxa5 48. Kd6 Rh7 49. e7 Rxe7 50. Kxe7 Kb4 51. Kf6 Kc5 52. Kg6 Kd5 53.
Kxh6 1-0

[Event "Challenge"]
[Site "http://www.queenalice.com/game.php?id=1366510"]
[Date "2015.6.19"]
[Round "-"]
[White "IsacMoulaz15"]
[Black "calumvs"]
[Result "0-1"]
[WhiteElo "1057"]
[BlackElo "1839"]

1. e4 e5 2. Nc3 Nc6 3. Bc4 Nf6 4. Nf3 Bb4 5. Nd5 Nxe4 6. Qe2 Nd6 7. a3 Ba5 8.
O-O Nxc4 9. Qxc4 O-O 10. b4 Bb6 0-1